North Pacific Ocean, Commonwealth of the Northern Mariana Islands--Saipan, Saipan Harbor /

Bibliographic Details
Corporate Author: United States Coast Survey
Format: Government Document Map Serial
Language:English
Published: Washington, D.C. : U.S. Department of Commerce, National Oceanic and Atmospheric Administration, National Ocean Service, Coast Survey
Subjects:
Online Access:Current edition:
Archives:

MARC

Tag First Indicator Second Indicator Subfields
LEADER 00000ces a2200000Ii 4500
001 in00002811155
005 20151202173332.0
006 s x f0 0
006 m o d f
007 aj cznzn
007 cr cn|||||||||
008 130115c19999999dcuag kbd c fo 0 eng d
034 1 |a a  |b 12000  |d E1453930  |e E1454542  |f N0151518  |g N0151100 
035 |a (OCoLC)ocn824429149 
037 |a NSN 7642-01-401-3793  |b DOD 
037 |a 81 AHA 81076  |b NIMA 
037 |a 81076  |b NOS 
040 |a GPO  |b eng  |e rda  |c GPO  |d GPO  |d MvI  |d UtOrBLW 
043 |a poxd---  |a pn----- 
049 |a WWW 
052 |a 9412  |b S3 
052 |a 9325 
074 |a 0191-B-14 (online) 
086 0 |a C 55.418/7:81076/ 
110 2 |a United States Coast Survey. 
245 1 0 |a North Pacific Ocean, Commonwealth of the Northern Mariana Islands--Saipan, Saipan Harbor /  |c Coast Survey. 
246 3 0 |a Saipan Harbor 
255 |a Scale 1:12,000 ;  |b Mercator projection  |c (E 145⁰39ʹ30ʺ--E 145⁰45ʹ42ʺ/N 15⁰15ʹ18ʺ--N 15⁰11ʹ00ʺ). 
264 1 |a Washington, D.C. :  |b U.S. Department of Commerce, National Oceanic and Atmospheric Administration, National Ocean Service, Coast Survey 
300 |a online resource (maps) :  |b color 
310 |a Irregular 
336 |a cartographic image  |b cri  |2 rdacontent 
337 |a computer  |b c  |2 rdamedia 
338 |a online resource  |b cr  |2 rdacarrier 
362 1 |a Began with 9th ed., Sept. 19/98. 
500 |a "LORAN-C overprinted." 
500 |a Depths shown by isolines and soundings. 
500 |a Relief shown by contours and spot heights. 
538 |a The .jpg versions of these maps require Adobe Photoshop or Adobe Acrobat 9 Pro to view. 
500 |a "Soundings in feet." 
500 |a Includes tidal information. 
588 |a Description based on: 3rd edition, July 2003; title from title screen (viewed Jan. 15, 2013). 
588 |a Latest issue consulted: 12th edition, Aug. 2007. 
515 |a "1st ed., Apr. 1944 KAPP 2851." 
515 |a Numbering realigned 1974 to conform to a new uniform US numbering system for all navigation charts. 
650 0 |a Harbors  |z Northern Mariana Islands  |z Saipan  |v Maps. 
651 0 |a Saipan (Northern Mariana Islands)  |v Maps. 
651 0 |a North Pacific Ocean  |x Navigation. 
856 4 0 |3 Current edition:  |u http://purl.fdlp.gov/GPO/gpo32992  |t 0 
856 4 0 |3 Archives:  |u http://purl.fdlp.gov/GPO/gpo32988  |t 0 
999 |a MARS 
999 f f |s d52400f4-fe41-3a8b-bd96-e25b691e2d2b  |i a1740d22-53c5-3adb-ac89-71972b425b3c  |t 0 
952 f f |a Texas A&M University  |b College Station  |c Electronic Resources  |d Available Online  |t 0  |e C 55.418/7:81076/  |h Superintendent of Documents classification 
998 f f |a C 55.418/7:81076/  |t 0  |l Available Online